| 000 | 00399nam a2200157Ia 4500 | ||
|---|---|---|---|
| 008 | 230917s9999||||xx |||||||||||||| ||und|| | ||
| 020 | _cRs. 495.00 | ||
| 040 |
_e5004219 _aMAIN |
||
| 041 | _aEnglish | ||
| 082 | _a954.029 E44E | ||
| 100 | _aAlavi, Seema, ed. | ||
| 245 | 0 | _aEighteenth century in India | |
| 260 |
_aNew Delhi _bOxford University Press _c2002 |
||
| 300 | _aviii, 261 p. | ||
| 942 | _cBK | ||
| 999 |
_c9440 _d9440 |
||